[Event "Heusenstamm Sparkassen op-B 9th"]
[Site "Heusenstamm"]
[Date "2023.11.26"]
[Round "7"]
[White "Burow, Roger"]
[Black "Moench, Dorothee"]
[Result "0-1"]
[WhiteElo "1570"]
[BlackElo "1736"]
[PlyCount "76"]
[EventDate "2023.11.23"]
[EventType "swiss"]
[EventRounds "7"]
[EventCountry "GER"]
[SourceTitle "EXT 2025"]
[Source "ChessBase"]
[SourceDate "2024.10.14"]
[SourceVersion "1"]
[SourceVersionDate "2024.10.14"]
[SourceQuality "1"]

1. e4 d6 2. Nf3 g6 3. d4 Bg7 4. c3 Nf6 5. Nbd2 0-0 6. Bc4 Nbd7 7. 0-0 Nb6 8. Bb3 Bg4 9. h3 Bxf3 10. Qxf3 Nfd7 11. Qe2 e6 12. f4 c5 13. Nf3 Qc7 14. e5 d5 15. Be3 c4 16. Bc2 Rfb8 17. Qd2 Kf8 18. Ng5 Ke7 19. Nxh7 Rh8 20. Ng5 Raf8 21. Qf2 f6 22. exf6+ Bxf6 23. Nf3 Rhg8 24. Qg3 g5 25. Ne5 gxf4 26. Qxf4 Bxe5 27. Qh4+ Bf6 28. Rxf6 Nxf6 29. Bg5 Rxg5 30. Qxg5 Rg8 31. Bg6 Nbd7 32. Rf1 Qb8 33. h4 Qf8 34. h5 Qg7 35. Re1 Rh8 36. Qh4 Qxg6 37. Qh3 Qg4 38. Qe3 Ne4 0-1

[Event "Heusenstamm Sparkassen op-B 9th"]
[Site "Heusenstamm"]
[Date "2023.11.23"]
[Round "1"]
[White "Moench, Dorothee"]
[Black "Goodwin, David"]
[Result "1-0"]
[WhiteElo "1736"]
[BlackElo "1469"]
[PlyCount "55"]
[EventDate "2023.11.23"]
[EventType "swiss"]
[EventRounds "7"]
[EventCountry "GER"]
[SourceTitle "EXT 2025"]
[Source "ChessBase"]
[SourceDate "2024.10.14"]
[SourceVersion "1"]
[SourceVersionDate "2024.10.14"]
[SourceQuality "1"]

1. e4 g6 2. d4 Bg7 3. c3 d6 4. Be3 Nd7 5. Nf3 a6 6. Be2 b5 7. Nbd2 Bb7 8. Qc2 Ngf6 9. h3 Rc8 10. g4 e5 11. g5 Nh5 12. a4 c6 13. h4 Nf4 14. Bxf4 exf4 15. h5 h6 16. hxg6 fxg6 17. gxh6 Rxh6 18. Rxh6 Bxh6 19. e5 Nf8 20. Bd3 Qe7 21. 0-0-0 Kd8 22. Bxg6 c5 23. exd6 Qxd6 24. Ne5 Bd5 25. Bf5 Rc7 26. Ne4 Bxe4 27. Qxe4 Qe7 28. Qa8+ 1-0

[Event "Wiesbaden op 32nd"]
[Site "Wiesbaden"]
[Date "2023.08.26"]
[Round "5"]
[White "Martin, Reiner"]
[Black "Moench, Dorothee"]
[Result "1-0"]
[WhiteElo "1975"]
[BlackElo "1710"]
[PlyCount "47"]
[EventDate "2023.08.24"]
[EventType "swiss"]
[EventRounds "7"]
[EventCountry "GER"]
[SourceTitle "CBM 216 Extra"]
[Source "ChessBase"]
[SourceDate "2023.11.30"]
[SourceVersion "1"]
[SourceVersionDate "2023.11.30"]
[SourceQuality "1"]

1. d4 Nf6 2. c4 e6 3. Nc3 Bb4 4. f3 d5 5. a3 Bxc3+ 6. bxc3 c5 7. cxd5 cxd4 8. dxe6 Bxe6 9. cxd4 Nc6 10. e3 Nd5 11. Ne2 Qa5+ 12. Kf2 0-0 13. Bd2 Qd8 14. e4 Qh4+ 15. g3 Qh5 16. exd5 Qxd5 17. Be3 g5 18. Nc3 Qa5 19. Ne4 h6 20. d5 Rad8 21. Nf6+ Kg7 22. Bd4 Bxd5 23. Nxd5+ Kg6 24. Bc4 1-0